[Event "SVK-chT2D 10/11"]
[Site "Slovakia"]
[Date "2010.12.04"]
[Round "3.2"]
[White "Galovic, Stefan"]
[Black "Treybal, Dusan"]
[Result "0-1"]
[WhiteElo "2117"]
[BlackElo "2147"]
[PlyCount "80"]
[EventDate "2010.10.23"]
[EventType "team-tourn"]
[EventRounds "11"]
[EventCountry "SVK"]
[SourceTitle "EXT 2019"]
[Source "ChessBase"]
[SourceDate "2018.10.10"]
[SourceVersion "1"]
[SourceVersionDate "2018.10.10"]
[SourceQuality "1"]
[WhiteTeam "Kezmarok KdV II"]
[BlackTeam "Kosice Slavia TU V"]
[WhiteTeamCountry "SVK"]
[BlackTeamCountry "SVK"]

1. d4 Nf6 2. c4 g6 3. Nc3 Bg7 4. Nf3 0-0 5. g3 d6 6. Bg2 Nc6 7. d5 Na5 8. Nd2 c5 9. 0-0 a6 10. e4 Rb8 11. Qe2 b5 12. cxb5 axb5 13. Nxb5 Ba6 14. a4 Qb6 15. e5 dxe5 16. Qxe5 Bxb5 17. axb5 Rfd8 18. Qc3 Nb7 19. Qb3 Nd6 20. Re1 Ng4 21. Qf3 Ne5 22. Qe2 c4 23. Nf3 Nd3 24. Be3 Qxb5 25. Reb1 Nf5 26. Ba7 Rb7 27. g4 Qd7 28. gxf5 Rxa7 29. fxg6 hxg6 30. Rxa7 Qxa7 31. Nd2 Nxf2 32. Nxc4 Nh3+ 33. Kh1 Nf4 34. Qe4 Nxg2 35. Kxg2 Qc5 36. Rd1 Bf6 37. Rd3 Kg7 38. Ne3 Bxb2 39. Ng4 Rh8 40. Ne5 Qc2+ 0-1

[Event "SVK-chT2D 10/11"]
[Site "Slovakia"]
[Date "2010.10.23"]
[Round "1.3"]
[White "Treybal, Dusan"]
[Black "Sremanak, Slavomir"]
[Result "1-0"]
[WhiteElo "2147"]
[BlackElo "2175"]
[PlyCount "103"]
[EventDate "2010.10.23"]
[EventType "team-tourn"]
[EventRounds "11"]
[EventCountry "SVK"]
[SourceTitle "EXT 2019"]
[Source "ChessBase"]
[SourceDate "2018.10.10"]
[SourceVersion "1"]
[SourceVersionDate "2018.10.10"]
[SourceQuality "1"]
[WhiteTeam "Kosice Slavia TU V"]
[BlackTeam "Margecany OSK"]
[WhiteTeamCountry "SVK"]
[BlackTeamCountry "SVK"]

1. e4 c6 2. d4 Na6 3. Nc3 Nc7 4. Nf3 g6 5. Bd3 Bg7 6. 0-0 d5 7. h3 dxe4 8. Nxe4 f5 9. Ned2 Ne6 10. c3 Nf4 11. Bc4 Nf6 12. Nb3 Qd6 13. Re1 N4d5 14. Ne5 b6 15. Bg5 0-0 16. Bf4 Nh5 17. Qd2 Nhxf4 18. Qxf4 Kh8 19. Qf3 e6 20. Rad1 a5 21. Nc1 Ne7 22. Ncd3 Rb8 23. Qg3 Qd8 24. Nxg6+ Nxg6 25. Qxb8 Qg5 26. Qg3 Qh5 27. Nf4 Nxf4 28. Qxf4 Bh6 29. Qe5+ Bg7 30. Qe2 Qg6 31. Qf3 b5 32. Bf1 Bd7 33. Qg3 Qf7 34. Qd6 Rg8 35. Be2 Bf8 36. Qf4 Bg7 37. Bf3 Bf6 38. Re2 Qg7 39. Rde1 b4 40. Rxe6 Bxe6 41. Rxe6 c5 42. Qxf5 bxc3 43. bxc3 Rf8 44. Qxc5 Qf7 45. Qf5 a4 46. Be4 Qg7 47. Qh5 Qd7 48. Rb6 Qe7 49. f3 Qg7 50. Kh1 Bd8 51. Rh6 Kg8 52. Bxh7+ 1-0

[Event "SVK-chT2D 0910"]
[Site "Slovakia"]
[Date "2010.02.28"]
[Round "11.5"]
[White "Skovran, Jaroslav"]
[Black "Treybal, Dusan"]
[Result "1/2-1/2"]
[WhiteElo "2059"]
[BlackElo "2161"]
[PlyCount "26"]
[EventDate "2009.10.10"]
[EventType "team"]
[EventRounds "11"]
[EventCountry "SVK"]
[SourceTitle "EXT 2011"]
[Source "ChessBase"]
[SourceDate "2010.11.26"]
[SourceVersion "1"]
[SourceVersionDate "2010.11.26"]
[SourceQuality "1"]
[WhiteTeam "Sabinov II"]
[BlackTeam "Kosice Slavia III"]
[WhiteTeamCountry "SVK"]
[BlackTeamCountry "SVK"]

1. e4 e5 2. Nf3 Nc6 3. d4 exd4 4. Nxd4 Bc5 5. Be3 Qf6 6. c3 Nge7 7. Bc4 Ne5 8. Be2 d5 9. f4 Ng4 10. Bxg4 Qh4+ 11. Bf2 Qxg4 12. Qxg4 Bxg4 13. h3 Bd7 1/2-1/2

[Event "SVK-chT2D 0910"]
[Site "Slovakia"]
[Date "2010.02.27"]
[Round "10.5"]
[White "Kmit, Jozef"]
[Black "Treybal, Dusan"]
[Result "1-0"]
[WhiteElo "2060"]
[BlackElo "2161"]
[PlyCount "57"]
[EventDate "2009.10.10"]
[EventType "team"]
[EventRounds "11"]
[EventCountry "SVK"]
[SourceTitle "EXT 2011"]
[Source "ChessBase"]
[SourceDate "2010.11.26"]
[SourceVersion "1"]
[SourceVersionDate "2010.11.26"]
[SourceQuality "1"]
[WhiteTeam "Magura Zborov"]
[BlackTeam "Kosice Slavia III"]
[WhiteTeamCountry "SVK"]
[BlackTeamCountry "SVK"]

1. d4 Nf6 2. Bg5 Ne4 3. Bh4 g5 4. f3 gxh4 5. fxe4 Bg7 6. e3 c5 7. Nf3 Nc6 8. Nc3 d6 9. Bc4 0-0 10. Nd5 e6 11. Nf4 b5 12. Be2 cxd4 13. exd4 Nxd4 14. Nxd4 Qf6 15. g3 Qxd4 16. Qxd4 Bxd4 17. 0-0-0 Be5 18. Nd3 Bd4 19. Nf4 Be3+ 20. Kb1 hxg3 21. hxg3 a6 22. Rxd6 Bb7 23. Bd3 Rad8 24. Rxd8 Rxd8 25. Re1 Bd4 26. e5 Bf3 27. c3 Bf2 28. Rf1 Bxg3 29. Rg1 1-0

[Event "SVK-chT2D 0910"]
[Site "Slovakia"]
[Date "2009.10.11"]
[Round "2.5"]
[White "Galovic, Stefan"]
[Black "Treybal, Dusan"]
[Result "1-0"]
[WhiteElo "2127"]
[BlackElo "2161"]
[PlyCount "65"]
[EventDate "2009.10.10"]
[EventType "team"]
[EventRounds "11"]
[EventCountry "SVK"]
[SourceTitle "EXT 2011"]
[Source "ChessBase"]
[SourceDate "2010.11.26"]
[SourceVersion "1"]
[SourceVersionDate "2010.11.26"]
[SourceQuality "1"]
[WhiteTeam "Kezmarok II"]
[BlackTeam "Kosice Slavia III"]
[WhiteTeamCountry "SVK"]
[BlackTeamCountry "SVK"]

1. d4 Nf6 2. c4 g6 3. Nc3 Bg7 4. e4 d6 5. Nf3 0-0 6. Be2 e5 7. 0-0 Nc6 8. d5 Ne7 9. Ne1 Ne8 10. Nd3 f5 11. f4 exf4 12. Nxf4 fxe4 13. Nxe4 Nf5 14. Bg4 c5 15. Rb1 Nc7 16. b4 Bd4+ 17. Kh1 Ne3 18. Bxe3 Bxe3 19. Ne6 Nxe6 20. dxe6 Bd4 21. Qd2 Qe7 22. Rxf8+ Qxf8 23. bxc5 dxc5 24. Nc3 Qd6 25. Nb5 Qe5 26. Re1 Qf6 27. Qe2 Qe7 28. Rf1 Bf6 29. Nc7 Qxc7 30. Rxf6 a5 31. Bf3 Qe7 32. Qe5 Ra6 33. Rf7 1-0

[Event "SVK-chT1E 0809"]
[Site "Slovakia"]
[Date "2009.03.08"]
[Round "11.5"]
[White "Petr, Milan"]
[Black "Treybal, Dusan"]
[Result "1/2-1/2"]
[WhiteElo "2026"]
[BlackElo "2173"]
[PlyCount "31"]
[EventDate "2008.10.18"]
[EventType "team-tourn"]
[EventRounds "11"]
[EventCountry "SVK"]
[SourceTitle "EXT 2010"]
[Source "ChessBase"]
[SourceDate "2010.11.25"]
[SourceVersion "1"]
[SourceVersionDate "2010.11.25"]
[SourceQuality "1"]
[WhiteTeam "Svit SO"]
[BlackTeam "Kosice Slavia UPJS II"]
[WhiteTeamCountry "SVK"]
[BlackTeamCountry "SVK"]

1. e4 e5 2. Nf3 Nc6 3. Bb5 f5 4. d3 fxe4 5. dxe4 Nf6 6. 0-0 Bb4 7. Nc3 d6 8. Bg5 0-0 9. Nd5 Kh8 10. Kh1 Be6 11. Nh4 Qd7 12. Bxf6 gxf6 13. Qh5 Qg7 14. Nf5 Bxf5 15. exf5 a6 16. Bd3 1/2-1/2

[Event "SVK-chT2D 0809"]
[Site "Slovakia"]
[Date "2009.02.28"]
[Round "10.3"]
[White "Treybal, Dusan"]
[Black "Kneznik, Frantisek"]
[Result "1-0"]
[WhiteElo "2173"]
[BlackElo "1985"]
[PlyCount "61"]
[EventDate "2008.10.11"]
[EventType "team-tourn"]
[EventRounds "11"]
[EventCountry "SVK"]
[SourceTitle "EXT 2010"]
[Source "ChessBase"]
[SourceDate "2010.11.25"]
[SourceVersion "1"]
[SourceVersionDate "2010.11.25"]
[SourceQuality "1"]
[WhiteTeam "Kosice Slavia UPJS III"]
[BlackTeam "Hranovnica"]
[WhiteTeamCountry "SVK"]
[BlackTeamCountry "SVK"]

1. e4 e5 2. Nf3 Nf6 3. d3 Nc6 4. Be2 Be7 5. c3 0-0 6. b4 d6 7. 0-0 Ne8 8. Nbd2 f5 9. b5 Na5 10. d4 Bf6 11. Bb2 exd4 12. cxd4 fxe4 13. Nxe4 d5 14. Nxf6+ Nxf6 15. Ne5 c6 16. Rc1 cxb5 17. Ba3 Re8 18. Bxb5 Re6 19. f4 Bd7 20. Bxd7 Nxd7 21. Qg4 Qe8 22. Rc7 Rd8 23. f5 Rf6 24. Qf3 Nc6 25. Re1 Ndxe5 26. dxe5 Rf8 27. Rxb7 Rb8 28. Rxa7 Qd8 29. f6 g6 30. Kh1 Re8 31. h4 1-0

[Event "SVK-chT2D 0809"]
[Site "Slovakia"]
[Date "2009.02.01"]
[Round "9.2"]
[White "Ondo, Radoslav"]
[Black "Treybal, Dusan"]
[Result "1/2-1/2"]
[WhiteElo "2080"]
[BlackElo "2173"]
[PlyCount "35"]
[EventDate "2008.10.11"]
[EventType "team-tourn"]
[EventRounds "11"]
[EventCountry "SVK"]
[SourceTitle "EXT 2010"]
[Source "ChessBase"]
[SourceDate "2010.11.25"]
[SourceVersion "1"]
[SourceVersionDate "2010.11.25"]
[SourceQuality "1"]
[WhiteTeam "Michalovce Zemplin II"]
[BlackTeam "Kosice Slavia UPJS III"]
[WhiteTeamCountry "SVK"]
[BlackTeamCountry "SVK"]

1. e4 e5 2. c4 Nc6 3. Nc3 Bc5 4. g3 d6 5. Bg2 f5 6. d3 Nf6 7. Nge2 0-0 8. 0-0 fxe4 9. Nxe4 Nxe4 10. Bxe4 Bh3 11. Bg2 Bxg2 12. Kxg2 Qf6 13. Nc3 Qe6 14. Be3 Bb6 15. Bxb6 axb6 16. Nb5 Rf7 17. Qe2 Qg6 18. Qe4 1/2-1/2

[Event "SVK-chT2D 0809"]
[Site "Slovakia"]
[Date "2009.01.31"]
[Round "8.2"]
[White "Juhar, Roman"]
[Black "Treybal, Dusan"]
[Result "1/2-1/2"]
[WhiteElo "2161"]
[BlackElo "2173"]
[PlyCount "56"]
[EventDate "2008.10.11"]
[EventType "team-tourn"]
[EventRounds "11"]
[EventCountry "SVK"]
[SourceTitle "EXT 2010"]
[Source "ChessBase"]
[SourceDate "2010.11.25"]
[SourceVersion "1"]
[SourceVersionDate "2010.11.25"]
[SourceQuality "1"]
[WhiteTeam "Kosice Akademik"]
[BlackTeam "Kosice Slavia UPJS III"]
[WhiteTeamCountry "SVK"]
[BlackTeamCountry "SVK"]

1. e4 e5 2. Nf3 Nc6 3. Bc4 Nf6 4. d3 Be7 5. 0-0 0-0 6. Nc3 d6 7. h3 Na5 8. Be3 a6 9. a4 c5 10. Nd5 Nxc4 11. Nxf6+ Bxf6 12. dxc4 Be6 13. b3 Be7 14. g4 h5 15. Nd2 hxg4 16. hxg4 Bg5 17. Re1 Bf4 18. Bxf4 exf4 19. f3 g6 20. Qe2 Kg7 21. Kg2 Rh8 22. Rh1 Qg5 23. Kf2 Rh4 24. Rag1 Rah8 25. Qf1 Qe5 26. Kg2 Qc3 27. Qa1 Qxa1 28. Rxa1 Rxh1 1/2-1/2